Quizzes
Events
Quiz Creation
Community
Videos
Private Events
Remove Ads
Sign In
Join for FREE
Feedback
Dark Mode
Quiz Categories
Sports
Geography
Music
Movies
Television
Just For Fun
Miscellaneous
History
Literature
Language
Science
Gaming
Entertainment
Religion
Holiday
For Kids
Quiz Lab
Recent
Popular Today
Quiz Kudos Today
Editor Picks
Curator Picks
Quizzes by...
Day
Popularity
Type
Ratings
Length
Year
Community
Subscriptions
Recent Discussions
Orange Saloon
Badges
Playlists
Quests
Create
Leaderboards
Showdown
Live 5
Trivia Bingo
Activity
Puzzle Library
Sporcle Events
Private Events
Virtual Trivia
Globe League
Become a Host
Pub Owners
SporcleCon
Opinionation
Our Games
Videos
Blog
Mobile Apps
Partnerships
Remove Ads and Go Orange
Feedback
Sports
Athletes
MLB
NBA
NHL
NFL
Soccer
Sports Teams
WWE
NCAA
Football
Premier League
Basketball
Baseball
Hockey
Golf
Tennis
Cricket
Rugby
Auto Racing
Olympics
World Cup
Sports
Athletes
MLB
NBA
NHL
NFL
Soccer
Sports Teams
WWE
NCAA
Football
Premier League
Basketball
Baseball
Hockey
Golf
Tennis
Cricket
Rugby
Auto Racing
Olympics
World Cup
Random Quiz
Search Sporcle
×
Quiz Lab
Quiz Lab
Sports
Five
Type in answers that appear in a list
Type in answers that appear in a list
Classic
Best Score? Go Orange.
Oregon MBB Most Common Starting Fives (00-present) Stats
Can you name the OregonMBB Most Common Starting Fives (00-present)?
By
attackbyquack4
8m
60 Questions
47 Plays
47 Plays
47 Plays
Comments
Comments
Give Quiz Kudos
Give Quiz Kudos
-
- Ratings
hide this ad
Replay
Link that replays current quiz
Next Quiz
Link to next quiz in quiz playlist
You Got
0%
They Got
Avg Score
67%
Avg Friend Score
Upgrade to see
Score Distribution
Jump to the score distribution portion of the page
Score
0/60
Timer
08:00
0
Plays Today
Year
Player
% Correct
2000-
01
Luke Ridnour
97.9%
2001-
02
Luke Ridnour
97.9%
2001-
02
Luke Jackson
97.9%
2002-
03
Luke Ridnour
97.9%
2002-
03
Luke Jackson
97.9%
2003-
04
Luke Jackson
97.9%
2003-
04
Aaron Brooks
95.7%
2004-
05
Aaron Brooks
95.7%
2005-
06
Aaron Brooks
95.7%
2006-
07
Aaron Brooks
95.7%
2000-
01
Fred Jones
85.1%
2001-
02
Fred Jones
85.1%
2004-
05
Malik Hairston
85.1%
2005-
06
Malik Hairston
85.1%
2006-
07
Malik Hairston
85.1%
2007-
08
Malik Hairston
85.1%
2006-
07
Tajuan Porter
83%
2007-
08
Tajuan Porter
83%
2008-
09
Tajuan Porter
83%
2009-
10
Tajuan Porter
83%
2009-
10
E.J. Singler
80.9%
2010-
11
E.J. Singler
80.9%
2011-
12
E.J. Singler
80.9%
2004-
05
Bryce Taylor
78.7%
2005-
06
Bryce Taylor
78.7%
2006-
07
Bryce Taylor
78.7%
2007-
08
Bryce Taylor
78.7%
2005-
06
Maarty Leunen
76.6%
2006-
07
Maarty Leunen
76.6%
2007-
08
Maarty Leunen
76.6%
Year
Player
% Correct
2001-
02
Robert Johnson
74.5%
2002-
03
Robert Johnson
74.5%
2008-
09
Garrett Sim
74.5%
2010-
11
Garrett Sim
74.5%
2011-
12
Garrett Sim
74.5%
2011-
12
Devoe Joseph
74.5%
2003-
04
Andre Joseph
72.3%
2011-
12
Tony Woods
68.1%
2007-
08
Joevan Catron
61.7%
2008-
09
Joevan Catron
61.7%
2010-
11
Joevan Catron
61.7%
2003-
04
Mitch Platt
46.8%
2004-
05
Mitch Platt
46.8%
2000-
01
Bryan Bracey
44.7%
2002-
03
Jame Davis
44.7%
2009-
10
Malcolm Armstead
42.6%
2009-
10
Jeremy Jacob
42.6%
2010-
11
Malcolm Armstead
42.6%
2011-
12
Jeremy Jacob
42.6%
2008-
09
Michael Dunigan
40.4%
2009-
10
Michael Dunigan
40.4%
2003-
04
Ian Crosswhite
38.3%
2004-
05
Ian Crosswhite
38.3%
2010-
11
Tyrone Nared
29.8%
2001-
02
Chris Christoffersen
27.7%
2000-
01
Anthony Lever
25.5%
2005-
06
Jordan Kent
17%
2002-
03
Brian Helquist
14.9%
2008-
09
LeKendric Longmire
14.9%
2000-
01
Julius Hicks
8.5%
Quiz Playlist
Details
Report
Send in Message
Add To Playlist
Classic:
Type in answers that appear in a list
Last Updated: Feb 16, 2017
Quiz Scoreboard
CHALLENGE
Sign Up to Join the Scoreboard
Show All
Scores
Hide
Comments
May contain spoilers
Recently Published
Presidents Visiting Landmarks
by Hejman
History
7m
An Introduction to Baseball
by treessimontrees
Sports
5m
Movies - When Are They Set?
by FPL_Elf
Movies
5m
More to Explore
Quiz From the Vault
Featured Blog Post
Where Did the Easter Bunny Come From?
hide this ad
You Might Also Like...
Tags
common
Five
mbb
oregon
Player
ppg
Starting
Today's Top Quizzes in Sports
Browse Sports
hide this ad
Today's Top Quizzes in Five
Browse Five
Top Contributed Quizzes in Sports
1
Les meilleurs buteurs des matchs entre le PSG et l’OM
2
2022 World Cup Stars
3
FIFA Club World Cup Champions
4
Les entraîneurs de l'OM et du PSG au 21e siècle
5
Name the Premier League winners with different clubs
6
5-to-1: UK Sports Teams
7
La finale Lions - Afrique du Sud 2021
8
Criteria MLB: Left Handed Sluggers
9
AFC Teams Reveal (Wrong Answers Minefield)
10
England Test cricketers to play under Nasser Hussain
Explore More
Trending Topics
Kpop
Marvel
Anime
NBA
Disney
Crossword
Harry Potter
The Office
Song
Pokémon
Puzzle
Soccer
Country
NFL
WWE
hide this ad
More By:
attackbyquack4
Quiz
Plays
Rating
Category
Featured
Created
Pac-12 Yearly Team Rushing Leaders (2000-present)
779
4.67
Sports
May 30, 2012
Top 10 Fantasy RBs (2002-present)
494
4.33
Sports
Dec 31, 2012
Top 10 Fantasy WRs (2002-present)
446
4.50
Sports
Dec 31, 2012
Absolute NBA Hall of Famers
394
1.33
Sports
Jan 1, 2013
Drafted by the Rays? (clickable)
243
3.00
Sports
May 28, 2012
Go to Creator's Profile
Score Distribution
Quiz Creator Spotlight
attackbyquack4
Follow
Send a Message
Quizzes Created
-
Created Quiz Play Count
-
More By This Creator
Popular Quizzes Today
1
Find the US States - No Outlines Minefield
2
Find the Countries of Europe - No Outlines Minefield
3
The Countries of the World
4
Find the US States
5
Popular People in 1961
6
US States
7
Risky Map Clicking: Biggest States A-Z
8
Movies - When Are They Set?
More Sports Quizzes
Top 10 highest paid athletes 2019
Quiz Lab
Trending Quizzes
Risky Map Clicking: Least Populous States A-Z
1-10 Letter G Words
1-10 Letter F Words
Risky Map Clicking: Next State Alphabetically
Risky Map Clicking: Biggest States A-Z
Recently Updated
Leaping Animals
pecheneg
Reality TV Shows (A-Z)
bhenderson79
Rickey Henderson's Hall of Fame Teammates
pecheneg
Champions League XIs: Arsenal
pecheneg
Quick Pick: Celebrities in WWE's Hall of Fame
aduchscher
A-Z Keypad Blitz II
pecheneg
Multiple Oscar Actors
pecheneg
Mystery Phrase Blitz: Oscar 'Best Actors'
pecheneg
F. Scott Fitzgerald Novels
LTH
Pick 3 Villains
ddd62291
Trending Topics
Marvel
Disney
NBA
Kpop
Harry Potter
Anime
Crossword
Puzzle
Soccer
WWE
Pokémon
Song
Country
NFL
The Office
Your Account Isn't Verified!
In order to create a playlist on Sporcle, you need to verify the email address you used during registration. Go to your
Sporcle Settings
to finish the process.
Report this User
Report this user for behavior that violates our
Community Guidelines
.
Details:
Send Report
Go to the Sporcle.com Mobile Site →
Comments